Big vision, small business : (Record no. 13914)
[ view plain ]
| 000 -LEADER | |
|---|---|
| fixed length control field | 00536cam a2200169 a 4500 |
| 020 ## - INTERNATIONAL STANDARD BOOK NUMBER | |
| ISBN | 1589750004 (hardcover : alk. paper) |
| 040 ## - CATALOGING SOURCE | |
| Transcribing agency | DLC |
| 082 00 - DEWEY DECIMAL CLASSIFICATION NUMBER | |
| Classification number | 658 IVY 2001 A049 Or. |
| 100 1# - MAIN ENTRY--AUTHOR NAME | |
| Personal name | Walters, Jamie S., |
| 245 10 - TITLE STATEMENT | |
| Title | Big vision, small business : |
| Remainder of title | the four keys to finding success & satisfaction as a lifestyle entrepreneur / |
| 260 ## - PUBLICATION, DISTRIBUTION, ETC. (IMPRINT) | |
| Place of publication | San Francisco : |
| Name of publisher | Ivy Sea Publishing, |
| Year of publication | c2001. |
| 300 ## - PHYSICAL DESCRIPTION | |
| Number of Pages | 198 p. ; |
| Dimensions | 24 cm. |
| 650 #0 - SUBJECT ADDED ENTRY--TOPICAL TERM | |
| Topical Term | Small business |
| 650 #0 - SUBJECT ADDED ENTRY--TOPICAL TERM | |
| Topical Term | Success in business. |
| 650 #0 - SUBJECT ADDED ENTRY--TOPICAL TERM | |
| Topical Term | Small business |
| 942 ## - ADDED ENTRY ELEMENTS (KOHA) | |
| Koha item type | សៀវភៅភាសាអង់គ្លេស |
| 952 ## - LOCATION AND ITEM INFORMATION (KOHA) | |
| Withdrawn status [LOCAL, KOHA] | 0 |
| Permanent Location | Date acquired | Koha item type | Lost status | Shelving location | Barcode | Current Location | Full call number |
|---|---|---|---|---|---|---|---|
| Library Block A | 2017-10-03 | សៀវភៅភាសាអង់គ្លេស | A049 | A15077 | Library Block A | 658 IVY 2001 A049 Or. |